| 000 | 01655cam a2200409 a 4500 | ||
|---|---|---|---|
| 999 |
_c331875 _d331875 |
||
| 001 | 4465475 | ||
| 003 | NUST | ||
| 005 | 20171031125922.0 | ||
| 008 | 951017s1995 dcua b i000 0 eng d | ||
| 010 | _a 95228413 | ||
| 020 | _a0821332902 | ||
| 035 | _a(OCoLC)33315243 | ||
| 040 |
_aDIDB _cDIDB _dDLC |
||
| 042 | _alccopycat | ||
| 050 | 0 | 4 |
_aGE170 _b.M37 1995 |
| 082 | 0 | 0 |
_a628 MAS _220 |
| 100 | 1 |
_aMason, Jocelyn. _95770 |
|
| 245 | 1 | 0 |
_aMainstreaming the environment : _bthe World Bank Group and the environment since the Rio Earth Summit : fiscal 1995. |
| 260 |
_aWashington, D.C. : _bThe World Bank, _c1995. |
||
| 300 |
_axv, 301 p. : _bill. ; _c23 cm. |
||
| 500 | _a"This report was prepared by the Environment Department of the World Bank... the principal author was Jocelyn Mason"--T. p. verso. | ||
| 501 | _aP.B | ||
| 504 | _aIncludes bibliographical references (p. 289-301). | ||
| 610 | 2 | 0 |
_aWorld Bank. _94999 |
| 610 | 2 | 0 |
_aInternational Finance Corporation. _95771 |
| 610 | 2 | 0 |
_aMultilateral Investment Guarantee Agency. _95772 |
| 650 | 0 |
_aEnvironmental policy _xEconomic aspects. _95381 |
|
| 650 | 0 |
_aEconomic development projects _xEnvironmental aspects. _95773 |
|
| 650 | 0 |
_aEnvironmental impact analysis. _95774 |
|
| 650 | 0 |
_aAgriculture and state _xEnvironmental aspects. _95775 |
|
| 650 | 0 |
_aEnvironmental impact analysis. _95774 |
|
| 710 | 2 |
_aWorld Bank. _bEnvironment Department. _95776 |
|
| 906 |
_a7 _bcbc _ccopycat _d2 _encip _f19 _gy-gencatlg |
||
| 942 |
_2ddc _cBK _kIESE |
||